000 01320nmm a2200421 a 4500
003 AR-BaBNM
005 20251128204032.0
008 076019s1966 ||||||||||||||000 | spa||
040 _cAR-BaBNM
111 2 _aSeminario de Estudios de Historia Argentina
245 1 0 _aEl Congreso de Tucumán
_bactitudes, decisiones, hombres
250 _a1ª ed.
260 _aBuenos Aires
_bClub de Lectores
_c1966
300 0 _a494 p.
500 0 _aNoticia acerca de la trayectoria del Seminario de Estudios de Historia Argentina
650 4 _aHISTORIA ARGENTINA
650 4 _aBIOGRAFIAS
650 4 _aINDEPENDENCIA ARGENTINA
650 4 _aCONGRESO DE TUCUMAN
650 4 _aDECLARACION DE LA INDEPENDENCIA
650 4 _aCATOLICISMO
650 4 _aPOLITICA INTERNACIONAL
650 4 _aHISTORIA POLITICA ARGENTINA
700 1 _aVidela Escalada, Federico N.
700 1 _aCampo Wilson, Estanislao del
700 1 _aRodríguez Varela, Alberto
700 1 _aRío, Manuel
700 1 _aGarbini, Roberto F.
700 1 _aLópez Rosas, R.
700 1 _aRomero Carranza, Ambrosio
700 1 _aEchazú Lezica, Mariano de
700 1 _aRojas, Eduardo P.
700 1 _aRodríguez Varela, Carlos
700 1 _aPinto, Víctor E.
700 1 _aGelly y Obes, Carlos María
942 _cBK
998 _cEnrique
999 _c5890
_d5890